000 00623nam a2200229Ia 4500
003 OSt
005 20220928130458.0
006 a|||||r|||| 00| 0
007 ta
008 220927b |||||||| |||| 00| 0 eng d
024 _a56968
037 _cTextual
040 _aSDCL
_cSDCL
_beng
041 _2eng
_aeng
082 _aX:54, P8
100 _aMiller Raymond C
_9474091
245 0 _aInternational political economy
_b Contrasting world views
260 _aLondon
_bRoutledge
_c2008
300 _axxi,274p
_ccm.
942 _hX:54, P8
_cTEXL
_2CC
999 _c786707
_d786707